00725nam a22001697a 4500003000900000008004100009040007100050082001500121100002900136245011200165260003600277300005200313505013600365650001600501650001500517650002300532AR-CdUCM190528b ||||| |||| 00| 0 spa d aMUNICIPALIDAD PROVINCIAL DEL CUSCOcBIBLIOTECA MUNICIPAL DEL CUSCO a580 /bF98 aFuster Patricio, Estevan aBotánica :bDe acuerdo con el programa de primer año del ciclo básico y de las escuelas de comercio / aBuenos Aires :bKapeluz,c1965. a258 páginas ;bilustraciones a color,c22 cm. aContenido: Los órganos de las plantas con flores -- Como nacen las plantas. la semilla -- Como crecen y se nutren las plantas... aLas plantas aBotánica aTejidos vegetales